PATENT LAW AND PRACTICE (Record no. 25739)

MARC details
000 -LEADER
fixed length control field 00315nam a22001457a 4500
003 - CONTROL NUMBER IDENTIFIER
control field SGT
020 ## - INTERNATIONAL STANDARD BOOK NUMBER
International Standard Book Number 9788196617196
082 ## - DEWEY DECIMAL CLASSIFICATION NUMBER
Classification number 346.048
Item number CHO
100 ## - MAIN ENTRY--PERSONAL NAME
Personal name CHOUDHARY RAJIV
245 ## - TITLE STATEMENT
Title PATENT LAW AND PRACTICE
250 ## - EDITION STATEMENT
Edition statement 2
260 ## - PUBLICATION, DISTRIBUTION, ETC. (IMPRINT)
Place of publication, distribution, etc NEW DELHI
Name of publisher, distributor, etc BHARAT LAW HOUSE
Year of Publication 2024
300 ## - PAGE DESCRIPTION
No. of Pages 1520
942 ## - ADDED ENTRY ELEMENTS (KOHA)
Source of classification or shelving scheme Dewey Decimal Classification
Koha item type Books
Holdings
Withdrawn status Lost status Source of classification or shelving scheme Damaged status Not for loan Collection code Home library Current library Shelving location Date acquired Vendor Name Cost, normal purchase price SGTU Bill Number Total Checkouts Full call number Accession No. (Barcode) Date last seen Bill Date Koha item type
    Dewey Decimal Classification   Not For Loan LAW SGT Science & Social Sciences Library SGT Science & Social Sciences Library Reference Book 24/02/2024 COMMERCIAL BOOK HOUSE 2795.00 SGTU 2075   346.048 CHO FL3251 24/02/2024 06/02/2024 Books